00948 a2200193 45000010006000000050017000060080041000230030015000640400040000790800063001192450062001820200018002442640034002623000019002965050376003151000024006917000017007157000022007324592020260407155731.0260407a1972 arg spa dAR-UNSa-BCEJYS aAR-UNSa-BCEJYSbspacAR-UNSa-BCEJYS a303.1xMetodología general en la investigación social 10aTendencias de la investigación en las ciencias sociales a84-206-2045-9 1aBuenos Aires :bAlianzac1972 a633 p.c20 cm. aIntroducción: La situación de las ciencias del hombre dentro del sistema de las ciencias / Jean Piaget – 1. La psicología / Jean Piaget – 2. Problemas generales de la investigación interdisciplinaria y mecanismos comunes / Jean Piaget – 3. La sociología / Paul Lazarsfeld – 4. La ciencia política / W. J. M. Mackenzie – 5. La ciencia económica - 1 aLazarsfeld, Paul F.1 aPiaget, Jean1 aMackenzie, W.J.M.